000 00373nam a22001577a 4500
003 MPLRDC
005 20220104143719.0
008 210129b ||||| |||| 00| 0 eng d
082 _a544.31 BSHY
100 _a白石浩一
245 _a认识丈夫
_c林耀川 译
260 _a
_b文新书屋
_c
300 _b
650 _a婚姻指导
942 _cBK
_o544.31 BSHY
999 _c42618
_d42608